| 000 | 00699nam a2200229Ia 4500 | ||
|---|---|---|---|
| 005 | 20250508162337.0 | ||
| 008 | 008 250505s9999 xx 000 0 eng d | ||
| 020 | _a0-8247-6752-7 | ||
| 037 | _aBooks to be hide in OPAC | ||
| 040 |
_aFEDL _beng _cFEDL |
||
| 041 |
_aeng _2eng |
||
| 084 |
_a001.4, ABE _qFEDL |
||
| 100 |
_aAbert James G Ed. _9772925 |
||
| 245 | 0 | _aProgram evaluation at HEW: Research versus reality | |
| 260 |
_aNew York, USA _bMarcel Dekker _c1979 |
||
| 300 | _aviii, 395p | ||
| 365 |
_aUSD _b47.5 |
||
| 490 |
_aPublic administration and public policy _vPart 2 |
||
| 650 |
_aEvaluation Research _9772926 |
||
| 942 |
_cHB _h001.4, ABE |
||
| 999 |
_c1375960 _d1375960 |
||